Statistics for 50 Japanese Verbs in English

Click here to take the quiz!

General Stats

  • This quiz has been taken 1,787 times
  • The average score is 23 of 50

Answer Stats

HintAnswer% Correct
to eattaberu
94%
to goiku
91%
to seemiru
84%
to drinknomu
75%
to speakhanasu
69%
to sleepneru
69%
to readyomu
69%
to studybenkyou suru
68%
to buykau
65%
to comekuru
65%
to runhashiru
64%
to listenkiku
64%
to beginhajimeru
59%
to walkaruku
58%
to enterhairu
57%
to sitsuwaru
57%
to loveai suru
55%
to waitmatsu
55%
to take (a picture)toru
52%
to workhataraku
50%
to crynaku
50%
to live; to be aliveikiru
47%
to driveunten suru
47%
to flytobu
46%
to washarau
44%
to search; to look forsagasu
42%
to closeshimeru
41%
to travelryokou suru
40%
to payharau
39%
to erase; to deletekesu
38%
to touchsawaru
38%
to do the laundrysentaku suru
38%
to lendkasu
37%
to findmitsukeru
37%
to exerciseundou suru
35%
to polish; to brush (teeth)migaku
30%
to cleansouji suru
30%
to put on (a hat)kaburu
29%
to throw awaysuteru
29%
to translateyakusu
28%
to catch a coldkaze wo hiku
26%
to chewkamu
23%
to go through; to passtooru
21%
to be vacantaku
19%
to feel touched (emotion)kandou suru
18%
to cool; to chillhiyasu
16%
to knitamu
15%
to poursosogu
15%
to organizekatazukeru
10%
to dilute with watermizu de waru
4%

Score Distribution

Percentile by Number Answered

Percent of People with Each Score

Your Score History

You have not taken this quiz